Правление Наполеона - Statistics

General Stats
  • This quiz has been taken 54 times
  • The average score is 9 of 20
Answer Stats
Подсказка Ответ % Correct
Фамилия Наполеона Бонапарт
95%
Более отдалённый остров, на который он был сослан после побега из вышеупомянутого Остров Святой Елены
86%
Остров, на котором он родился Корсика
77%
Холодный город, который стал самой восточной точкой его завоеваний Москва
70%
Его финальное поражение Битва при Ватерлоо
67%
Имя его первой жены и настоящей любви Жозефина
60%
Территория, проданная Соединённым Штатам в 1803 году Луизиана
58%
Остров, на который он был сослан Эльба
56%
Его величайшая победа, приведшая к распаду Священной Римской империи Битва при Аустерлице
49%
Британский командующий в вышеупомянутом сражении Герцог Веллингтон
40%
Сражение 1805 года, в котором французский флот потерпел поражение от британского адмирала Горацио Нельсона Битва при Трафальгаре
37%
Французская колония, провозгласившая независимость в 1804 году после восстания рабов Гаити
35%
Мирная конференция, установившая национальные границы после поражения Наполеона Венский конгресс
33%
Антикоммунистическая книга с участием свиньи по кличке Наполеон Скотный двор
30%
Памятник в Париже в память о его завоеваниях Триумфальная арка
30%
Название армии Наполеона Великая армия
28%
Название его системы просвещённых законов Кодекс Наполеона
19%
Система мер и весов, распространению которой он способствовал Метрическая система
14%
Знаменитая реликвия, использовавшаяся для перевода иероглифов, обнаруженная во время его египетской экспедиции Розеттский камень
14%
Прозвище Наполеона - отсылка к его кажущемуся невысокому росту Маленький капрал
9%
No matching quizzes found
Score Distribution
Percent of People with Each Score
Percentile by Number Answered
Your Score History
You have not taken this quiz